| 000 | 00480nam a2200193Ia 4500 | ||
|---|---|---|---|
| 005 | 20240823050549.0 | ||
| 008 | 240823s9999||||xx |||||||||||||| ||und|| | ||
| 020 | _a978-033393095-3 | ||
| 041 | _aENGLISH | ||
| 082 | _A658.705 Q1 | ||
| 100 | _aRaghuram G Ed. & et al. | ||
| 245 | 0 | _aShipping Management : Cases and Concepts | |
| 250 | _a1st | ||
| 260 |
_c2011 _b"Macmillam ,Ne" |
||
| 500 | _aYES | ||
| 650 |
_aShipping management _bMarine |
||
| 942 | _cBK | ||
| 999 |
_c217542 _d217542 |
||